000 00525nam a2200181Ia 4500
008 140527s9999 xx 000 0 und d
020 _a9781285085180
050 _aNC 997
_b.L32 2014
100 _aLanda, Robin
245 _aGraphic design solutions /
_cRobin Landa.
250 _a5th ed.
260 _aBoston, MA :
_bWadsworth/Cengage Learning,
_cc2011.
300 _a432 p. :
_bcol. ill. ;
_c28 cm.
500 _aIncludes bibliographical references and index.
521 _aMA
942 _kFOR
_cBK
999 _c117394
_d117394